000 00357nam a2200157Ia 4500
003 OSt
005 20240104102345.0
008 170524s9999 xx 000 0 und d
020 _a9780070620049
040 _cIIMT UNIVERSITY
100 _aHARTMAN LAURAP
100 _c2011
245 0 _aPERSPECTIVES IN BUSINESS ETHICS
260 _aTMH
942 _2ddc
_c02
999 _c2652
_d2652